[Event "CZE-chT2B 2223"]
[Site "Czech Republic"]
[Date "2023.01.22"]
[Round "7.2"]
[White "Buchcar, Tomas"]
[Black "Anaskin, Arsenij"]
[Result "1/2-1/2"]
[WhiteElo "2148"]
[BlackElo "2218"]
[PlyCount "60"]
[EventDate "2022.10.16"]
[EventType "team-tourn"]
[EventRounds "11"]
[EventCountry "CZE"]
[SourceTitle "EXT 2024"]
[Source "ChessBase"]
[SourceDate "2023.10.10"]
[SourceVersion "1"]
[SourceVersionDate "2023.10.10"]
[SourceQuality "1"]
[WhiteTeam "Decin"]
[BlackTeam "Aurora"]
[WhiteTeamCountry "CZE"]
[BlackTeamCountry "CZE"]

1. Nf3 Nf6 2. d4 d6 3. Nc3 Nbd7 4. e4 e5 5. Bc4 Be7 6. 0-0 0-0 7. h3 c6 8. a4 a5 9. Be3 h6 10. Qe2 Qc7 11. d5 Nb6 12. Bb3 cxd5 13. exd5 Bf5 14. Nb5 Qd8 15. Bxb6 Qxb6 16. Nxe5 Qd8 17. Nf3 Ne4 18. Nfd4 Bg6 19. Rad1 Bf6 20. c3 Re8 21. Qf3 Be5 22. Kh1 Rc8 23. Bc2 Qh4 24. Nf5 Bxf5 25. Qxf5 Ng3+ 26. fxg3 Qxg3 27. Kg1 Qh2+ 28. Kf2 Qg3+ 29. Kg1 Qh2+ 30. Kf2 Qg3+ 1/2-1/2

[Event "CZE-chT2B 2223"]
[Site "Czech Republic"]
[Date "2022.11.06"]
[Round "2.3"]
[White "Anaskin, Arsenij"]
[Black "Krejcik, Jiri"]
[Result "1/2-1/2"]
[WhiteElo "2244"]
[BlackElo "2064"]
[PlyCount "109"]
[EventDate "2022.10.16"]
[EventType "team-tourn"]
[EventRounds "11"]
[EventCountry "CZE"]
[SourceTitle "EXT 2024"]
[Source "ChessBase"]
[SourceDate "2023.10.10"]
[SourceVersion "1"]
[SourceVersionDate "2023.10.10"]
[SourceQuality "1"]
[WhiteTeam "Aurora"]
[BlackTeam "Karlovy Vary"]
[WhiteTeamCountry "CZE"]
[BlackTeamCountry "CZE"]

1. e4 e5 2. Nf3 Nc6 3. Bb5 a6 4. Ba4 Nf6 5. 0-0 b5 6. Bb3 Be7 7. a4 b4 8. d3 0-0 9. Nbd2 d5 10. Re1 dxe4 11. Nxe4 Bg4 12. h3 Bxf3 13. Qxf3 Nd4 14. Qg3 Nxe4 15. Rxe4 Nxb3 16. Bh6 Bf6 17. cxb3 Kh8 18. Bd2 a5 19. Rc1 Ra6 20. Rec4 Rd6 21. Rxc7 Rxd3 22. Be3 Rd1+ 23. Kh2 Rxc1 24. Rxc1 Qd5 25. Qg4 h6 26. Rc8 Rxc8 27. Qxc8+ Kh7 28. Qc4 Qxc4 29. bxc4 b3 30. Kg3 Kg6 31. Kf3 Kf5 32. g4+ Ke6 33. Ke4 Kd6 34. Bb6 Bh4 35. Bxa5 Bxf2 36. Bb4+ Ke6 37. a5 g6 38. a6 f5+ 39. gxf5+ gxf5+ 40. Kd3 Kd7 41. Kc3 Kc6 42. Kxb3 Kb6 43. Bf8 h5 44. c5+ Kxa6 45. Kc4 f4 46. b4 f3 47. b5+ Kb7 48. c6+ Kb6 49. Kd3 Bg3 50. Bh6 Kxb5 51. c7 e4+ 52. Kxe4 Bxc7 53. Kxf3 Kc6 54. Ke4 Kd7 55. Kf5 1/2-1/2

[Event "Ricany op-A"]
[Site "Ricany"]
[Date "2017.08.27"]
[Round "3"]
[White "Anaskin, Arsenij"]
[Black "Kaplan, Daniel"]
[Result "1-0"]
[WhiteElo "2188"]
[BlackElo "2057"]
[PlyCount "145"]
[EventDate "2017.08.26"]
[EventType "swiss"]
[EventRounds "9"]
[EventCountry "CZE"]
[SourceTitle "CBM 180 Extra"]
[Source "ChessBase"]
[SourceDate "2017.10.06"]
[SourceVersion "1"]
[SourceVersionDate "2017.10.06"]
[SourceQuality "1"]

1. e4 e5 2. Nf3 Nc6 3. Nc3 Nf6 4. Bb5 d6 5. h3 Bd7 6. d3 Be7 7. 0-0 0-0 8. Ne2 a6 9. Ba4 b5 10. Bb3 Na5 11. Ng3 c5 12. c3 Nxb3 13. Qxb3 Be6 14. Qd1 Nd7 15. d4 exd4 16. cxd4 d5 17. exd5 Bxd5 18. Nf5 Bf6 19. Be3 Be4 20. Ng3 Bxf3 21. gxf3 cxd4 22. Bxd4 Ne5 23. Kg2 Ng6 24. Bxf6 Qxf6 25. f4 Nxf4+ 26. Kh2 Qxb2 27. Rb1 Qf6 28. Qg4 Rac8 29. a4 bxa4 30. Rb4 Ng6 31. Rxa4 Ne5 32. Qe4 Rfe8 33. Nh5 Qc6 34. Qf4 Re6 35. h4 Nf3+ 36. Kh3 Qc3 37. Kg2 Rg6+ 38. Ng3 Ne5 39. Re4 Nd3 40. Qe3 h6 41. Rd1 Nb2 42. Rd8+ Kh7 43. Qxc3 Rxc3 44. Ree8 Re6 45. Rh8+ Kg6 46. f4 Rc2+ 47. Kf3 Rb6 48. f5+ Kf6 49. Kf4 g5+ 50. fxg6 fxg6 51. Ne4+ Kg7 52. Rhg8+ Kf7 53. Rgf8+ Kg7 54. Rfe8 g5+ 55. hxg5 hxg5+ 56. Kxg5 Rg2+ 57. Kf4 Rc2 58. Re7+ Kh6 59. Rh8+ Kg6 60. Rg8+ Kh6 61. Rh8+ Kg6 62. Rh3 Rg2 63. Rhh7 Nd3+ 64. Ke3 Ne1 65. Reg7+ Kf5 66. Rh5+ Ke6 67. Rh6+ Kd5 68. Rd7+ Ke5 69. Re7+ Kd5 70. Rxb6 a5 71. Rb5+ Kc6 72. Rxa5 Nc2+ 73. Kf4 1-0

[Event "Prague Summer op 4th"]
[Site "Prague"]
[Date "2017.08.06"]
[Round "3"]
[White "Anaskin, Arsenij"]
[Black "Maza Lopez de los Mozos, Santiago"]
[Result "1-0"]
[WhiteElo "2188"]
[BlackElo "1994"]
[PlyCount "51"]
[EventDate "2017.08.04"]
[EventType "swiss"]
[EventRounds "9"]
[EventCountry "CZE"]
[SourceTitle "CBM 179 Extra"]
[Source "ChessBase"]
[SourceDate "2017.08.23"]
[SourceVersion "1"]
[SourceVersionDate "2017.08.23"]
[SourceQuality "1"]

1. e4 c6 2. d4 d5 3. Nc3 dxe4 4. Nxe4 Nf6 5. Nxf6+ exf6 6. Qd3 Bd6 7. Nf3 0-0 8. Be2 Re8 9. 0-0 Bg4 10. Re1 Nd7 11. Bd2 Nf8 12. Nh4 Qd7 13. Bxg4 Qxg4 14. Nf5 Bc7 15. h3 Qh5 16. g4 Qg6 17. Ne7+ Rxe7 18. Rxe7 Qxd3 19. cxd3 Ne6 20. Re1 Rc8 21. f4 Bd6 22. Rxb7 Nxd4 23. Kg2 Bc5 24. b4 Bb6 25. a4 Kf8 26. Ree7 1-0

[Event "Prague Golden op 13th"]
[Site "Prague"]
[Date "2017.07.05"]
[Round "5"]
[White "Haba, Zdenek"]
[Black "Anaskin, Arsenij"]
[Result "1-0"]
[WhiteElo "2177"]
[BlackElo "2142"]
[PlyCount "91"]
[EventDate "2017.07.01"]
[EventType "swiss"]
[EventRounds "9"]
[EventCountry "CZE"]
[SourceTitle "CBM 179 Extra"]
[Source "ChessBase"]
[SourceDate "2017.08.23"]
[SourceVersion "1"]
[SourceVersionDate "2017.08.23"]
[SourceQuality "1"]

1. d4 d6 2. c4 f5 3. g3 Nf6 4. Bg2 g6 5. Nf3 Bg7 6. 0-0 0-0 7. Nc3 Qe8 8. b3 Na6 9. Bb2 e5 10. dxe5 dxe5 11. e4 fxe4 12. Ng5 Bg4 13. Qb1 Qe7 14. Ngxe4 c6 15. Nxf6+ Rxf6 16. Ne4 Rf7 17. Qc1 Nb4 18. Qg5 Qxg5 19. Nxg5 Rd7 20. h3 Be2 21. Rfe1 Nc2 22. Rxe2 Nxa1 23. Ne6 Rd1+ 24. Kh2 Bf8 25. Nxf8 Rxf8 26. Bxe5 Re8 27. c5 Rc1 28. f4 Rd1 29. Bf3 a5 30. Kg2 Rc1 31. Be4 Rd8 32. Bd6 b6 33. Bxc6 Rd1 34. Bb5 bxc5 35. Bc4+ Kg7 36. Be5+ Kf8 37. Kf3 Rc1 38. Bb2 Rf1+ 39. Kg4 Rfd1 40. Ba3 Rc8 41. Kg5 Rg1 42. g4 Rh1 43. Re5 Nc2 44. Bxc5+ Kg7 45. Re7+ Kh8 46. Bd6 1-0

[Event "Prague Golden op 13th"]
[Site "Prague"]
[Date "2017.07.02"]
[Round "2"]
[White "Anaskin, Arsenij"]
[Black "Frost, Peter"]
[Result "1-0"]
[WhiteElo "2142"]
[BlackElo "1934"]
[PlyCount "45"]
[EventDate "2017.07.01"]
[EventType "swiss"]
[EventRounds "9"]
[EventCountry "CZE"]
[SourceTitle "CBM 179 Extra"]
[Source "ChessBase"]
[SourceDate "2017.08.23"]
[SourceVersion "1"]
[SourceVersionDate "2017.08.23"]
[SourceQuality "1"]

1. e4 e6 2. d4 d5 3. Nd2 Nc6 4. Ngf3 Nf6 5. e5 Nd7 6. Be2 f6 7. exf6 Qxf6 8. Nf1 Bd6 9. Ng3 0-0 10. 0-0 Kh8 11. c3 Ne7 12. Bd3 Ng6 13. Ng5 Nf4 14. Nxh7 Qh4 15. Nxf8 Nxf8 16. Bxf4 Bxf4 17. Qh5+ Qxh5 18. Nxh5 Bd6 19. f4 g6 20. Nf6 Be7 21. Ng4 Kg7 22. Ne5 a6 23. Rf3 1-0

[Event "Prague Golden op 13th"]
[Site "Prague"]
[Date "2017.07.01"]
[Round "1"]
[White "Drahorad, Daniel"]
[Black "Anaskin, Arsenij"]
[Result "0-1"]
[WhiteElo "1995"]
[BlackElo "2142"]
[PlyCount "90"]
[EventDate "2017.07.01"]
[EventType "swiss"]
[EventRounds "9"]
[EventCountry "CZE"]
[SourceTitle "CBM 179 Extra"]
[Source "ChessBase"]
[SourceDate "2017.08.23"]
[SourceVersion "1"]
[SourceVersionDate "2017.08.23"]
[SourceQuality "1"]

1. e4 d6 2. Nc3 Nf6 3. f4 e5 4. Nf3 Nbd7 5. Bc4 Be7 6. Bxf7+ Kxf7 7. Ng5+ Kg8 8. Ne6 Qe8 9. Nxc7 Qg6 10. 0-0 Rb8 11. d4 h6 12. N3d5 Nxd5 13. Nxd5 Bd8 14. dxe5 dxe5 15. f5 Qf7 16. Be3 b6 17. c4 Kh7 18. Rf3 Nf6 19. Qc2 Ng4 20. Bd2 Be7 21. b4 a5 22. a3 Ba6 23. Rg3 Nf6 24. b5 Bc5+ 25. Kh1 Bb7 26. Rg6 Bxd5 27. cxd5 Rbc8 28. Qd3 Bd4 29. Re1 h5 30. Qh3 Kg8 31. Qb3 Qc7 32. d6+ Qc4 33. d7 Nxd7 34. Qg3 Qf7 35. f6 Nxf6 36. Rf1 Rf8 37. Rfxf6 Qxf6 38. Rxf6 Rxf6 39. Qb3+ Kh7 40. h3 Rf1+ 41. Kh2 Bg1+ 42. Kg3 Bf2+ 43. Kf3 Bh4+ 44. Ke3 Rhf8 45. Qd5 Bg5+ 0-1

[Event "Kouty nad Desnou op-A"]
[Site "Kouty nad Desnou"]
[Date "2017.03.18"]
[Round "9"]
[White "Sosovicka, Jakub"]
[Black "Anaskin, Arsenij"]
[Result "1/2-1/2"]
[WhiteElo "2000"]
[BlackElo "2141"]
[PlyCount "49"]
[EventDate "2017.03.11"]
[EventType "swiss"]
[EventRounds "9"]
[EventCountry "CZE"]
[SourceTitle "CBM 177 Extra"]
[Source "ChessBase"]
[SourceDate "2017.04.27"]
[SourceVersion "1"]
[SourceVersionDate "2017.04.27"]
[SourceQuality "1"]

1. e4 d6 2. d4 Nf6 3. Nc3 e5 4. Nf3 Nbd7 5. g4 Nxg4 6. Rg1 Ngf6 7. Be3 c6 8. Qd2 Qa5 9. 0-0-0 b5 10. dxe5 dxe5 11. Kb1 b4 12. Na4 Nxe4 13. Qd3 Ndc5 14. Nxc5 Nxc5 15. Bxc5 Bxc5 16. Rxg7 Be6 17. b3 Rd8 18. Qxd8+ Qxd8 19. Rxd8+ Kxd8 20. Nxe5 Kc7 21. Nxf7 Bd4 22. Ng5+ Kd6 23. Nxe6 Kxe6 24. Rg8 Rxg8 25. Bc4+ 1/2-1/2

[Event "Wch U16"]
[Site "Khanty-Mansiysk"]
[Date "2016.09.26"]
[Round "5"]
[White "Raghunandan, Kaumandur Srihari"]
[Black "Anaskin, Arsenij"]
[Result "1-0"]
[WhiteElo "2451"]
[BlackElo "2153"]
[PlyCount "163"]
[EventDate "2016.09.22"]
[EventType "swiss"]
[EventRounds "11"]
[EventCountry "RUS"]
[SourceTitle "EXT 2017"]
[Source "ChessBase"]
[SourceDate "2016.10.25"]
[SourceVersion "1"]
[SourceVersionDate "2016.10.25"]
[SourceQuality "1"]

1. d4 Nf6 2. Nf3 e6 3. c4 Bb4+ 4. Nbd2 0-0 5. a3 Be7 6. e4 d5 7. e5 Nfd7 8. Bd3 c5 9. Qc2 g6 10. 0-0 Nc6 11. Re1 Nxd4 12. Nxd4 cxd4 13. cxd5 exd5 14. Nb3 Qb6 15. Bh6 Re8 16. e6 Nf6 17. exf7+ Kxf7 18. Bf4 Bf5 19. Bxf5 gxf5 20. Be5 Rac8 21. Qd3 Ne4 22. Bxd4 Qg6 23. f3 Ng5 24. Be5 Rcd8 25. Rad1 Rg8 26. g3 f4 27. Qxg6+ Rxg6 28. Nd4 fxg3 29. hxg3 Rd7 30. Kf2 Bf6 31. Bxf6 Rxf6 32. Kg2 Rb6 33. b4 Ne6 34. Re3 Ra6 35. Nb5 Ra4 36. Ra1 Ra6 37. Rc1 Ra4 38. Ra1 Ra6 39. Rd3 Rc6 40. Nxa7 Rc2+ 41. Kf1 d4 42. Rad1 Rd5 43. b5 Rh5 44. R1d2 Rc1+ 45. Kg2 Rg5 46. Kf2 Rh5 47. f4 Kf6 48. Kf3 Rhh1 49. b6 Rhf1+ 50. Rf2 Rb1 51. Rxf1 Rxf1+ 52. Ke2 Rb1 53. Nc8 h5 54. Kf3 Rf1+ 55. Ke2 Rb1 56. Kf3 Rf1+ 57. Kg2 Rxf4 58. Nd6 Ke5 59. Nxb7 Rf7 60. Na5 Nc5 61. Rd1 Kd5 62. Rb1 Nb7 63. Nxb7 Rxb7 64. a4 Kc6 65. a5 Rb8 66. Kf3 Kb7 67. Ke4 Rd8 68. Rb3 Rd7 69. Kd3 Rd5 70. a6+ Kb8 71. a7+ Kb7 72. Ra3 Rd8 73. a8Q+ Rxa8 74. Rxa8 Kxa8 75. Kxd4 Kb7 76. Ke5 Kxb6 77. Kf5 Kc6 78. Kg6 Kd6 79. Kxh5 Ke5 80. Kg6 Ke6 81. g4 Ke5 82. g5 1-0

[Event "EU-ch U16 26th"]
[Site "Prague"]
[Date "2016.08.25"]
[Round "7"]
[White "Lopez Mulet, Inigo"]
[Black "Anaskin, Arsenij"]
[Result "0-1"]
[WhiteElo "2343"]
[BlackElo "2054"]
[PlyCount "72"]
[EventDate "2016.08.18"]
[EventType "swiss"]
[EventRounds "9"]
[EventCountry "CZE"]
[SourceTitle "CBM 174 Extra"]
[Source "ChessBase"]
[SourceDate "2016.10.10"]
[SourceVersion "1"]
[SourceVersionDate "2016.10.10"]
[SourceQuality "1"]

1. d4 Nf6 2. c4 g6 3. g3 Bg7 4. Bg2 0-0 5. Nc3 d6 6. Nf3 Nc6 7. 0-0 Bg4 8. h3 Bd7 9. e4 e5 10. d5 Ne7 11. Ne1 Ne8 12. Nd3 f5 13. f4 exf4 14. Bxf4 fxe4 15. Nxe4 Nf6 16. Nxf6+ Bxf6 17. g4 g5 18. Bd2 Ng6 19. Qb3 Rb8 20. c5 a6 21. a4 Qe8 22. Rfe1 Qf7 23. Qb4 Nh4 24. Be4 Rbe8 25. Rf1 Qg7 26. Bc3 Bxc3 27. bxc3 a5 28. Qc4 Rxf1+ 29. Rxf1 h5 30. c6 Bc8 31. Bf5 Bxf5 32. gxf5 Qe7 33. cxb7 Qe3+ 34. Kh2 Nf3+ 35. Kh1 Nd2 36. f6 Qxh3+ 0-1

[Event "EU-ch U16 26th"]
[Site "Prague"]
[Date "2016.08.22"]
[Round "5"]
[White "Schmidek, Emil"]
[Black "Anaskin, Arsenij"]
[Result "1/2-1/2"]
[WhiteElo "2223"]
[BlackElo "2054"]
[PlyCount "97"]
[EventDate "2016.08.18"]
[EventType "swiss"]
[EventRounds "9"]
[EventCountry "CZE"]
[SourceTitle "CBM 174 Extra"]
[Source "ChessBase"]
[SourceDate "2016.10.10"]
[SourceVersion "1"]
[SourceVersionDate "2016.10.10"]
[SourceQuality "1"]

1. e4 e5 2. Nf3 Nc6 3. Bb5 Nge7 4. d4 exd4 5. Nxd4 g6 6. Nxc6 Nxc6 7. 0-0 Bg7 8. Nc3 0-0 9. Be3 a6 10. Be2 d6 11. Qd2 Re8 12. Bg5 f6 13. Bh6 Qe7 14. Bxg7 Kxg7 15. f4 Be6 16. Rae1 d5 17. exd5 Qc5+ 18. Kh1 Red8 19. Bf3 Bf7 20. Qf2 Qxf2 21. Rxf2 Nd4 22. Rd1 Nf5 23. Re2 h5 24. Kg1 Rd6 25. Na4 c6 26. Nb6 Rad8 27. c4 cxd5 28. Nxd5 b5 29. b3 bxc4 30. bxc4 Nh4 31. Be4 f5 32. Bc2 Bxd5 33. Rxd5 Rxd5 34. cxd5 Rxd5 35. Bb3 Rd6 36. Kf2 g5 37. Re7+ Kh6 38. fxg5+ Kxg5 39. g3 Ng6 40. h4+ Kh6 41. Rf7 f4 42. gxf4 Nxh4 43. Ke3 Kg6 44. Ke4 Rf6 45. Ra7 Ng2 46. f5+ Rxf5 47. Rxa6+ Kg5 48. Be6 Rf4+ 49. Ke5 1/2-1/2

[Event "World ol U16"]
[Site "Poprad"]
[Date "2016.07.29"]
[Round "9.1"]
[White "Abdulla, Murad"]
[Black "Anaskin, Arsenij"]
[Result "0-1"]
[WhiteElo "2101"]
[BlackElo "2139"]
[PlyCount "130"]
[EventDate "2016.07.22"]
[EventType "team-swiss"]
[EventRounds "9"]
[EventCountry "SVK"]
[SourceTitle "EXT 2017"]
[Source "ChessBase"]
[SourceDate "2016.10.25"]
[SourceVersion "1"]
[SourceVersionDate "2016.10.25"]
[SourceQuality "1"]
[WhiteTeam "Scotland"]
[BlackTeam "Czech Republic"]
[WhiteTeamCountry "SCO"]
[BlackTeamCountry "CZE"]

1. e4 d6 2. d4 Nf6 3. Nc3 e5 4. Nf3 Nbd7 5. Bc4 Be7 6. 0-0 0-0 7. a4 a5 8. Re1 c6 9. h3 Nb6 10. Bb3 Nfd7 11. Be3 exd4 12. Bxd4 Nc5 13. Bxc5 dxc5 14. Qe2 Qd6 15. Rad1 Qh6 16. Nd2 Qg5 17. Kh1 Be6 18. Bxe6 fxe6 19. Nf3 Qf4 20. e5 Rad8 21. Ne4 Qh6 22. b3 Nd5 23. c4 Nf4 24. Qe3 b6 25. Ng3 Qg6 26. Rxd8 Bxd8 27. Rd1 Be7 28. Qe4 Qxe4 29. Nxe4 Rd8 30. Rxd8+ Bxd8 31. g3 Nd3 32. Kg2 h6 33. Nd6 Kf8 34. Nc8 Ke8 35. Nd6+ Kd7 36. Ne4 Bc7 37. Kf1 Ke7 38. Ned2 Nxe5 39. Nxe5 Bxe5 40. Ne4 Bd4 41. f4 g6 42. g4 Be3 43. Ke2 Bxf4 44. Kf3 Bc1 45. Nf2 Kf6 46. Ke4 Kg5 47. Nd3 Bd2 48. Ne5 Kh4 49. Nxg6+ Kxh3 50. Kf3 Bg5 51. Ne5 Bf6 52. Nd7 Bd8 53. Nb8 Bc7 54. Nd7 Kh4 55. Nf8 e5 56. Ne6 Bd6 57. Nd8 e4+ 58. Kxe4 Kxg4 59. Nf7 Bf4 60. Nd8 h5 61. Nxc6 h4 62. Ne7 h3 63. Nd5 h2 64. Nxf4 h1Q+ 65. Ke5 Qh2 0-1

[Event "CZE-chT2B 1516"]
[Site "Czech Republic"]
[Date "2016.02.07"]
[Round "7.2"]
[White "Slampa, Jan"]
[Black "Anaskin, Arsenij"]
[Result "1/2-1/2"]
[WhiteElo "2149"]
[BlackElo "2139"]
[PlyCount "182"]
[EventDate "2015.10.18"]
[EventType "team-tourn"]
[EventRounds "11"]
[EventCountry "CZE"]
[SourceTitle "EXT 2022"]
[Source "ChessBase"]
[SourceDate "2021.10.06"]
[SourceVersion "1"]
[SourceVersionDate "2021.10.06"]
[SourceQuality "1"]
[WhiteTeam "Teplice"]
[BlackTeam "Jicin III"]
[WhiteTeamCountry "CZE"]
[BlackTeamCountry "CZE"]

1. d4 f5 2. c4 g6 3. Nf3 Nf6 4. Nc3 Bg7 5. h3 d6 6. Bf4 0-0 7. e3 Nc6 8. Be2 e6 9. 0-0 Qe7 10. Bh2 e5 11. Nd5 Nxd5 12. cxd5 Nd8 13. dxe5 dxe5 14. Rc1 c6 15. d6 Qe8 16. Bc4+ Be6 17. Qb3 Bxc4 18. Qxc4+ Nf7 19. Rfd1 Kh8 20. Qc5 Qe6 21. b3 Rfd8 22. Rd2 b6 23. Qa3 c5 24. Rcd1 Rd7 25. b4 e4 26. bxc5 bxc5 27. Ne1 c4 28. Nc2 c3 29. Nd4 Qc4 30. Rc2 Rc8 31. Bg3 Kg8 32. Rdc1 Bxd4 33. exd4 Qxd4 34. Rxc3 Rxc3 35. Rxc3 Nxd6 36. Rc6 Nc4 37. Rc8+ Rd8 38. Rxd8+ Qxd8 39. Qxa7 Qd5 40. Qb8+ Kg7 41. Qc7+ Kg8 42. Bh4 Qd1+ 43. Kh2 Qd6+ 44. Qxd6 Nxd6 45. Bg5 Nc4 46. Kg3 Kf7 47. Kf4 Ke6 48. g4 Nb2 49. gxf5+ gxf5 50. Bh6 Nd1 51. Kg3 Nc3 52. a3 Ne2+ 53. Kg2 f4 54. Kf1 f3 55. Ke1 Kd5 56. Kd2 Nd4 57. Be3 Nf5 58. a4 Kc4 59. a5 Kb5 60. Bb6 Ka6 61. Ke1 Kb5 62. Kf1 Nd6 63. Kg1 Nc4 64. Bd8 Nxa5 65. Kh2 Nc6 66. Bf6 Kc4 67. Kg3 Nb4 68. Bh4 Kd3 69. Kf4 Ke2 70. Kxe4 Nd3 71. Kf5 Nxf2 72. Kg5 Nxh3+ 73. Kh6 Nf4 74. Kxh7 Ng2 75. Bg3 Ne3 76. Kg6 Kf1 77. Kg5 Kg2 78. Bh4 Nf1 79. Kf4 Nd2 80. Kg4 Ne4 81. Kf4 Nf6 82. Be1 Nd5+ 83. Kg4 Nf6+ 84. Kf4 Nd7 85. Bh4 Ne5 86. Ke3 Nf7 87. Ke4 Ng5+ 88. Kf4 Nh3+ 89. Kg4 Nf2+ 90. Kf4 Nh1 91. Kg4 Nf2+ 1/2-1/2

[Event "Prague Pankrac Cup"]
[Site "Prague"]
[Date "2015.11.03"]
[Round "8"]
[White "Anaskin, Arsenij"]
[Black "Vokoun, Jan"]
[Result "1/2-1/2"]
[WhiteElo "2203"]
[BlackElo "2117"]
[PlyCount "81"]
[EventDate "2015.09.15"]
[EventType "swiss"]
[EventRounds "8"]
[EventCountry "CZE"]
[SourceTitle "EXT 2017"]
[Source "ChessBase"]
[SourceDate "2016.10.25"]
[SourceVersion "1"]
[SourceVersionDate "2016.10.25"]
[SourceQuality "1"]

1. e4 g6 2. d4 Bg7 3. Nf3 d6 4. c4 c6 5. Nc3 Bg4 6. Be2 Qb6 7. Na4 Qa5+ 8. Bd2 Qc7 9. Be3 Nd7 10. 0-0 Ngf6 11. Qc2 0-0 12. Rfe1 Rac8 13. Rac1 Qb8 14. Nc3 Bxf3 15. Bxf3 b5 16. cxb5 cxb5 17. Qb3 a6 18. Qd1 e6 19. Qd2 Nb6 20. b3 Rfd8 21. Red1 Rd7 22. d5 exd5 23. Nxd5 Nbxd5 24. exd5 Rdc7 25. Rxc7 Qxc7 26. Rc1 Qxc1+ 27. Qxc1 Rxc1+ 28. Bxc1 Kf8 29. Kf1 Nd7 30. Bf4 Ke7 31. Ke2 Bd4 32. Bg4 Nb6 33. Bf3 Bc5 34. Bg5+ f6 35. Bd2 b4 36. Be3 Bxe3 37. Kxe3 f5 38. Kd4 Kf6 39. Be2 a5 40. Bb5 Kg5 41. Bc6 1/2-1/2

[Event "Prague Pankrac Cup"]
[Site "Prague"]
[Date "2015.09.22"]
[Round "2"]
[White "Anaskin, Arsenij"]
[Black "Formanek, Martin"]
[Result "1-0"]
[WhiteElo "2203"]
[BlackElo "2189"]
[PlyCount "85"]
[EventDate "2015.09.15"]
[EventType "swiss"]
[EventRounds "8"]
[EventCountry "CZE"]
[SourceTitle "EXT 2017"]
[Source "ChessBase"]
[SourceDate "2016.10.25"]
[SourceVersion "1"]
[SourceVersionDate "2016.10.25"]
[SourceQuality "1"]

1. e4 c5 2. Nf3 d6 3. Bb5+ Nd7 4. 0-0 a6 5. Bxd7+ Bxd7 6. d4 cxd4 7. Qxd4 e5 8. Qd3 h6 9. c4 Nf6 10. Nc3 Be7 11. Ne1 0-0 12. Nc2 Be6 13. Ne3 Nd7 14. Ned5 Nc5 15. Qe2 f5 16. Rd1 Rc8 17. b3 Bg5 18. f4 Bf6 19. Nxf6+ Qxf6 20. Rxd6 exf4 21. e5 Qf7 22. Bxf4 b5 23. cxb5 axb5 24. Nxb5 Ne4 25. Rd4 Rc6 26. Rad1 Qb7 27. Nd6 Nc3 28. Qf3 Qa8 29. R1d2 Nxa2 30. Ra4 Rc1+ 31. Kf2 Qxf3+ 32. gxf3 Nc3 33. Ra6 Bxb3 34. Rb6 Be6 35. Nb7 Nd5 36. Rxd5 Bxd5 37. Bxc1 Rb8 38. Rb5 Bxb7 39. Bf4 g5 40. Be3 Re8 41. Rxb7 Rxe5 42. Bd4 Re6 43. Rb6 1-0

[Event "Prague Pankrac Cup"]
[Site "Prague"]
[Date "2015.09.15"]
[Round "1"]
[White "Kulhanek, Tomas"]
[Black "Anaskin, Arsenij"]
[Result "1-0"]
[WhiteElo "2350"]
[BlackElo "2203"]
[PlyCount "39"]
[EventDate "2015.09.15"]
[EventType "swiss"]
[EventRounds "8"]
[EventCountry "CZE"]
[SourceTitle "EXT 2017"]
[Source "ChessBase"]
[SourceDate "2016.10.25"]
[SourceVersion "1"]
[SourceVersionDate "2016.10.25"]
[SourceQuality "1"]

1. e4 d6 2. Nc3 Nf6 3. f4 e5 4. Nf3 Nbd7 5. Bc4 Be7 6. d3 0-0 7. 0-0 c6 8. fxe5 dxe5 9. a4 a5 10. Kh1 Qc7 11. Qe1 Nh5 12. g4 Nf4 13. Nxe5 Nxe5 14. Bxf4 Bd6 15. Bb3 Bxg4 16. Qg3 Be6 17. d4 Nc4 18. d5 cxd5 19. exd5 Bxf4 20. Qxf4 1-0

[Event "Prague Golden op 11th"]
[Site "Prague"]
[Date "2015.06.28"]
[Round "9"]
[White "Hollan, Petr"]
[Black "Anaskin, Arsenij"]
[Result "1/2-1/2"]
[WhiteElo "2034"]
[BlackElo "2190"]
[PlyCount "116"]
[EventDate "2015.06.21"]
[EventType "swiss"]
[EventRounds "9"]
[EventCountry "CZE"]
[SourceTitle "EXT 2017"]
[Source "ChessBase"]
[SourceDate "2016.10.25"]
[SourceVersion "1"]
[SourceVersionDate "2016.10.25"]
[SourceQuality "1"]

1. Nf3 Nf6 2. d4 g6 3. c4 Bg7 4. g3 d6 5. Bg2 0-0 6. 0-0 c6 7. Nc3 Nbd7 8. e4 e5 9. Bh3 Qc7 10. Be3 Re8 11. Qc2 Nf8 12. Rad1 Ne6 13. Rfe1 Bf8 14. b3 b6 15. Qb1 Bb7 16. Rc1 h6 17. d5 Nc5 18. b4 Ncd7 19. dxc6 Bxc6 20. Nd5 Qd8 21. g4 g5 22. Nd2 Bg7 23. Nf1 Nf8 24. Ng3 Ne6 25. Nf5 Bf8 26. Red1 Nf4 27. Bf1 Rc8 28. f3 N6xd5 29. cxd5 Bd7 30. Rxc8 Qxc8 31. Rc1 Qb7 32. b5 f6 33. Qb3 Rc8 34. Bxf4 gxf4 35. Rc6 Bxf5 36. exf5 Rc7 37. Qc4 Rd7 38. Rc8 Kf7 39. Qc6 Be7 40. Bd3 Bf8 41. Kf1 Be7 42. Ke2 Bf8 43. Bc4 Be7 44. Kd3 Bf8 45. Kc3 Be7 46. a4 Bf8 47. Kb3 Be7 48. Ka3 Bf8 49. a5 bxa5 50. Qxb7 Rxb7 51. Ka4 Be7 52. Kxa5 Rd7 53. Ka6 Bd8 54. Rb8 Ke7 55. Ra8 Bb6 56. Rh8 Rc7 57. Rh7+ Kd8 58. Rh8+ Ke7 1/2-1/2

[Event "CZE-chT U20 Extraliga West 1415"]
[Site "Czech Republic"]
[Date "2015.01.24"]
[Round "6.3"]
[White "Anaskin, Arsenij"]
[Black "Pychova, Nela"]
[Result "1-0"]
[WhiteElo "1979"]
[BlackElo "1996"]
[PlyCount "127"]
[EventDate "2014.10.11"]
[EventType "team-tourn"]
[EventRounds "11"]
[EventCountry "CZE"]
[SourceTitle "EXT 2021"]
[Source "ChessBase"]
[SourceDate "2020.10.23"]
[SourceVersion "1"]
[SourceVersionDate "2020.10.23"]
[SourceQuality "1"]
[WhiteTeam "Praha Promat Oaza (U20)"]
[BlackTeam "Vlasim (U20)"]
[WhiteTeamCountry "CZE"]
[BlackTeamCountry "CZE"]

1. e4 c5 2. Nf3 Nc6 3. d4 cxd4 4. Nxd4 g6 5. Nc3 Bg7 6. Nde2 Nf6 7. g3 b5 8. Bg2 Rb8 9. 0-0 0-0 10. a4 b4 11. Nd5 d6 12. h3 a5 13. Re1 Nd7 14. Ra2 Ba6 15. Be3 Rc8 16. c3 Bc4 17. Ra1 Bxe2 18. Rxe2 e6 19. Nf4 bxc3 20. bxc3 Bxc3 21. Rc1 Be5 22. Rec2 Ne7 23. Nd3 Bf6 24. f4 Rxc2 25. Qxc2 Qc8 26. Qc7 Qxc7 27. Rxc7 Rd8 28. e5 dxe5 29. fxe5 Bg7 30. Bg5 f6 31. exf6 Nxf6 32. Nc5 Kf7 33. Ra7 h6 34. Be3 Nfd5 35. Bxd5 Rxd5 36. Rxa5 Be5 37. g4 Bd6 38. Rb5 Rd1+ 39. Kg2 Nd5 40. Bxh6 Nc7 41. Rb7 Ra1 42. Na6 Ra2+ 43. Kf1 Rc2 44. a5 Ke8 45. Nxc7+ Rxc7 46. Rb6 Kd7 47. a6 Bc5 48. Rb2 Ra7 49. Ra2 Kc6 50. Kg2 Kb5 51. Kf3 Rh7 52. g5 Ra7 53. Ke4 Bd6 54. Rb2+ Kc6 55. Rc2+ Kd7 56. Ra2 Kc6 57. h4 Bb8 58. h5 gxh5 59. g6 Rd7 60. Bf8 Ba7 61. g7 Rd4+ 62. Ke5 Rg4 63. Kxe6 Bd4 64. a7 1-0